000 00486nam a2200169 i 4500
001 128297
003 ES-MaACL
005 20250717013058.0
007 t|
008 070628s1908 fr ||||1| fre d
100 1 _aZola, Émile,
_d1840-1902
_9118331
245 1 0 _aCorrespondance
_b: . Les lettres et les arts /
_cEmile Zola.
260 _aParis :
_b[Motteroz et Martinez],
_c1908.
300 _a376 p. ;
_c18 cm.
852 _aES-MaACL
_jB-3261
999 _c128297
_d128297